000 00345 a2200133 4500
005 20250618101637.0
020 _a0 582 05477 X
082 _aLM 621.319 JUL
100 _aJULIAN, M.
245 _aCircuits, Signals and Devices.
260 _aEngland,
_bLongman,
_c1989.
300 _axii, 515p.: ill.; figure, table
_bIndex
_c23cm
942 _2ddc
_cBKS
999 _c4280
_d4280